2520-津市(三重県)の駅 - Statistics

General Stats
  • This quiz has been taken 10 times
  • The average score is 16 of 33
Answer Stats
Answer % Correct
100%
久居
89%
津新町
89%
伊勢奥津
78%
桃園
78%
一身田
67%
阿漕
67%
東青山
67%
高茶屋
56%
一志
56%
榊原温泉口
56%
伊勢石橋
56%
南ヶ丘
56%
東一身田
56%
家城
44%
大三
44%
川合高岡
44%
江戸橋
44%
高田本山
44%
伊勢八太
33%
井関
33%
伊勢鎌倉
33%
白塚
33%
豊津上野
33%
千里
33%
伊勢上野
33%
関ノ宮
22%
伊勢竹原
22%
伊勢八知
22%
比津
22%
河芸
22%
伊勢大井
11%
伊勢川口
11%
No matching quizzes found
Score Distribution
Percent of People with Each Score
Percentile by Number Answered
Your Score History
You have not taken this quiz